000 00535nam a2200217Ia 4500
003 OSt
005 20220926042141.0
006 a|||||r|||| 00| 0
007 ta
008 220923b |||||||| |||| 00| 0 eng d
037 _cGeneral Book
040 _aRTL
_cRTL
_beng
041 _2eng
_aeng
082 _aQ81(Y72), J2
100 _aLowie Robert H
_972330
245 0 _aPrinitive religion
260 _c1952
650 _aSirhism
942 _hQ81(Y72), J2
_cGB
_2CC
999 _c669005
_d669005